Diccionario frances-español y español-frances /
Guardado en:
| Autor Principal: | |
|---|---|
| Formato: | Libro |
| Idioma: | Spanish French |
| Publicado: |
España.
Editorial Ramón Sopena,
1957. ;
|
| Materias: | |
| Etiquetas: |
Agregar Etiqueta
Sin Etiquetas, Sea el primero en etiquetar este registro!
|
| LEADER | 00554cam a2200169u 4500 | ||
|---|---|---|---|
| 001 | MAT.inmabb007094 | ||
| 008 | 840313s1886####xx#######d####000#0#spa## | ||
| 005 | 20180301151153.0 | ||
| 245 | ^ | a | |a Diccionario frances-español y español-frances / |c Emilio M. Martinez Amador. |
| 260 | r | i | |b Editorial Ramón Sopena, |c 1957. ; |a España. |
| 300 | |c 22 cm. |a 1880 p. | ||
| 510 | 4 | |a MR, |c *REVIEW #* | |
| 100 | 1 | |a Martinez Amador, Emilio M. | |
| 650 | n | c | |v Diccionario |x Frances |x Español |
| 084 | |a *CODIGO* |2 MR | ||
| 041 | 0 | |a spa |a fre | |
| 859 | |h IDIOMAS |i M385f |p A-184 |b BIB. MATEMATICA | ||
